000 00722nam a2200253 4500
001 46296
010 _a9789728839529
021 _b275903/08
090 _a46296
100 _a20091127d2008 m y0pory5003 ba
101 1 _apor
102 _aPT
200 1 _aAs jóias do sol
_fNora Roberts
_gtrad. Paulo G. Silva
_grev. Sérgio Gonçalves
205 _a[6.ª ed.]
210 9 _aParede
_cSaída de Emergência,
_d2008
215 _a287 p.
_d23 cm
225 2 _aLiteratura contemporânea
304 _aTít. orig.: Jewels of the sun
675 _a821.111(73)-31"19/20"
_vBN
_zpor
700 1 _aRoberts,
_bNora,
702 1 _aSilva,
_bPaulo G.
_4730
702 1 _93
_aGon—calves,
_bSérgio
_4675
801 0 _aPT
_bBN
_gRPC
990 _cLIVROS